| 000 | 00653nam a2200241Ia 4500 | ||
|---|---|---|---|
| 003 | GCL | ||
| 008 | 140319s9999 xx 000 0 ara d | ||
| 040 |
_aGCL / _cGCL |
||
| 082 | 0 | 4 |
_a372.35 _bا ت |
| 100 | 1 | _aاحمد هنرى كاظم | |
| 245 | 1 | 0 |
_aتدريس العلوم / _cاحمد هنرى كاظم |
| 700 | 1 | _aسعد يسى زكى | |
| 260 |
_a[S.N] : _bدار النهضة العربية ، _c1973 |
||
| 300 | _a432 ص | ||
| 490 | _a | ||
| 650 | 0 | 4 | _aالعلم |
| 650 | 0 | 4 | _aالتعليم |
| 650 | 0 | 4 | _aالتربية |
| 650 | 0 | 4 | _aالتدريس |
| 650 | 0 | 4 | _aمناهج |
| 650 | 0 | 4 | _aطرق التجارة |
| 942 |
_2ddc _cBK |
||
| 999 |
_c36925 _d36925 |
||